000 00404nam a2200145Ia 4500
008 230711s9999||||xx |||||||||||||| ||und||
041 _aENG
082 _a4
_bGU-H
100 _aGupta,B.M
245 0 _aHandbook of libraries, archives and information centres in india
250 _a1st Ed.
260 _c1989
_aNew Delhi
_bAditya Parkashan Delhi
650 _aLibrary and Information Science
942 _cBK
999 _c1250
_d1250